| LEADER |
01548nam0a2200229 450 |
| 001 |
16821762 |
| 010 |
|
|
|a 978-2-35294-797-4
|b br.
|d 20
|
| 100 |
|
|
|a 20141017d2026 u u0frey01 ba
|
| 101 |
1 |
|
|a fre
|c eng
|
| 102 |
|
|
|a FR
|
| 200 |
0 |
|
|a moitié d'un roi (La)
|f Joe Abercrombie
|g traduit de l'anglais (Grande-Bretagne) par Juliette Parichet - trad. de l'anglais Juliette Parichet
|
| 207 |
|
1 |
|a
|
| 210 |
|
|
|a Paris
|c Bragelonne
|d impr. 2014
|
| 215 |
|
|
|a 1 vol. (323 p.)
|c carte, couv. ill.
|d 24 cm
|
| 225 |
1 |
|
|a (La )mer éclatée
|v tome
|
| 330 |
|
|
|a « Abercrombie propulse la Fantasy à coups de pieds dans le XXIe siècle. » The Guardian « Formidable. » George R. R. Martin « Captivant. Un récit qu on termine en une nuit. » Robin Hobb Né faible aux yeux de son père, le prince Yarvi a juré de récupérer un trône dont il n a pourtant jamais voulu. Mais il doit d abord affronter la cruauté de sa propre famille, l esclavage, ainsi que les eaux amères de la Mer Éclatée. Tout cela avec une seule main valide, en raison de son handicap. C est aux côtés d une étrange assemblée d exclus et de marginaux, et non parmi les nobles, qu il apprendra à être un homme s il survit aux épreuves de toutes sortes qui l attendent
|
| 461 |
|
0 |
|t (La )mer éclatée
|v 1
|
| 700 |
|
0 |
|a Abercrombie
|b Joe
|c Auteur du texte
|f 1974-....
|4 70
|
| 702 |
|
0 |
|a Parichet
|b Juliette
|4 730
|
| 900 |
|
|
|a Science Fiction
|
| 901 |
|
|
|a Accessible au prêt
|
| 995 |
|
|
|a Bibliothèque
|c Bibliothèque
|f 00156004309142
|h 00156004309142
|k SF ABE MER 1
|o p
|q a
|r az
|e Bibliothèque
|